000 01067pam a2200313 a 4500
001 1124820
005 20160711112046.0
008 940620s1995 maua b 001 0 eng
010 _a 94022415
020 _a0201808676
040 _aDLC
_cDLC
_dDLC
043 _an-us---
050 0 0 _aHG173
_b.H8 1995
082 0 0 _a332.1
_220
100 1 _aHubbard, R. Glenn.
245 1 0 _aMoney, the financial system, and the economy /
_cR. Glenn Hubbard.
250 _aUpdated ed.
260 _aReading, Mass. :
_bAddison-Wesley Pub. Co.,
_cc1995.
300 _axxxii, 755, [54] p. :
_bcol. ill. ;
_c24 cm.
504 _aIncludes bibliographical references and index.
650 0 _aFinance.
650 0 _aMoney.
650 0 _aBanks and banking.
650 0 _aMonetary policy
_zUnited States.
650 0 _aInternational finance.
906 _a7
_bcbc
_corignew
_d1
_eocip
_f19
_gy-gencatlg
942 _2lcc
_cBOOKS
_hHG 173 .H8 1995
999 _c11600
_d11600